| 000 | 00804nam a2200265 i 4500 | ||
|---|---|---|---|
| 001 | 106002 | ||
| 003 | ES-MaACL | ||
| 005 | 20250510180021.0 | ||
| 007 | t| | ||
| 008 | 060919s1979 sp |||| |dspa d | ||
| 020 | _a84-7235-432-6 | ||
| 080 | _a929:32 Trotskii, Lev | ||
| 100 | 1 |
_aGutiérrez Álvarez, J. _9162799 |
|
| 245 | 1 | 0 |
_aConocer Trotsky y su obra / _cJosé Gutiérrez. |
| 250 | _a1ª ed. | ||
| 260 |
_aBarcelona : _bDopesa, _c1979. |
||
| 300 |
_a159 p. : _bil. ; _c18 cm. |
||
| 490 | 1 |
_aConocer ; _v32. _aDopesa ; _v2 |
|
| 500 | _aÍndice. | ||
| 504 | _aBibliografía: p. 158-159. | ||
| 600 | 1 | 4 |
_aTrotsky, Leon, _d1879-1940 _9240350 |
| 830 | 0 |
_aConocer ; _v32. _aDopesa ; _v2 _9232796 |
|
| 852 |
_aES-MaACL _jAND-749 _z. - Biblioteca Juan Andrade |
||
| 999 |
_c106002 _d106002 |
||